00763 2200253 4500001002100000005001700021008004100038035002400079082001100103090002100114100001700135245010200152250001100254260004100265300002400306500006600330650003500396700001200431850001500443980001500458985000600473999001500479999001500494YOGYA-0209000002313620090227023738.0 ind  0010-020900000023136 a351.15 a351.15bBoy PlT aBOYDELL, T.H aPetunjuk dalam megungkapkan kebutuhan latihan dan tenaga kerjacT.H. Boydell ; terjemahan Hardoyo aCet. 1 aJakartabBhratara Karya Aksarac1980 a88 hlmbilusc21 cm aJudul asli : A. guide to the identification of training needs aPendidikan dan latihan pegawai aHardoyo aYOPDYOG(B) a02-06-2007 a2 a06A0021611 a06A0021612